000 00872nas a2200277 4500
001 BR7903050
003 BR-BrBNA
005 20231205083725.0
007 ta
008 230509b bl.|||p| |||| 00| 00por d
040 _aBR-BrBNA
_bpor
_cBiblioteca Nacional de Agricultura
041 _a(Pt)
072 _aH60
100 1 _aSouza, I.F. de
100 1 _aAlcantara, E.N. de
100 1 _aMelles, C.C.A.
245 1 _aControle de ervas daninhas [Cafe; Coffea arabica; Controle mecanico; Controle quimico]
650 _aErva daninha
650 _aCafe
650 _aControle mecanico
650 _aControle quimico
650 _aCapina
773 0 _tInforme Agropecuario - Empresa de Pesquisa Agropecuaria de Minas Gerais (Brazil)
_xISSN 0100-3364
_g(Aug 1978), v. 4(44) p. 56-66
_wBR7903050
909 _a202311
_bLúcia
_c55
_dLúcia Elande
942 _2AGRIS
_n0
_cANA
999 _c100782
_d100782